| 000 | 01315nam a2200313 a 4500 | ||
|---|---|---|---|
| 003 | DO-SdBNP | ||
| 005 | 20250626140657.0 | ||
| 007 | ta | ||
| 008 | 211001b2016 dr abc|| |||| 00| 0 spa d | ||
| 020 | _a9789945452143 | ||
| 040 |
_aDO-SdBNP _bspa _cBNPHU _erda |
||
| 082 | 4 |
_a972.93 _bC957h 2016 _222 |
|
| 100 | 1 |
_aCruz Sánchez, Filiberto, _eautor _4aut. _913112 |
|
| 245 | 1 | 0 |
_aHistoria colonial dominicana : _bdesde Cristóbal Colón hasta la restauración / _cFiliberto Cruz Sánchez. |
| 246 | 1 | 0 | _aHistoria colonial dominicana : desde los aborígenes hasta la Restauración. |
| 250 | _asexta edición | ||
| 264 | 1 |
_aSanto Domingo : _bEditora El Nuevo Diario, _c2016. |
|
| 300 |
_a248 páginas : _bilustraciones, retratos, mapas : _c27 cm. |
||
| 336 |
_atexto _btxt _2rdacontent |
||
| 337 |
_asin mediación _bn _2rdamedia |
||
| 338 |
_avolumen _bnc _2rdacarrier |
||
| 590 | _aInventariado, 2021 /LP | ||
| 651 | 4 |
_aRepública Dominicana _xHistoria _xEstudio y enseñanza _99647 |
|
| 651 | 4 |
_aRepública Dominicana -- _xHistoria -- _yDescubrimiento y conquista, 1492-1503 _9255 |
|
| 651 | 4 |
_aRepública Dominicana _xHistoria _y Ocupación Haitiana 1822-1844 _97666 |
|
| 651 | 0 |
_aRepública Dominicana _xHistoria _yAnexión a España,1861-1863 _932930 |
|
| 910 | _aValidado. Control de calidad MFF | ||
| 942 |
_2ddc _cLBS1 |
||
| 999 |
_c50681 _d50681 |
||